000 00235nam a2200097Ia 4500
008 190216s9999||||xx |||||||||||||| ||und||
100 _aNull
245 0 _aHindi-Hinadi Gad Sanmarg
260 _bChatterjee Publishing Concern
942 _cBK
999 _c17466
_d17466